<?xml version="1.0" encoding="UTF-8"?>
<record
    xmlns:xsi="http://www.w3.org/2001/XMLSchema-instance"
    xsi:schemaLocation="http://www.loc.gov/MARC21/slim http://www.loc.gov/standards/marcxml/schema/MARC21slim.xsd"
    xmlns="http://www.loc.gov/MARC21/slim">

  <leader>00865nam a22001817a 4500</leader>
  <controlfield tag="008">110818t1992    xxu||||g |||| 000 0 ara d</controlfield>
  <datafield tag="082" ind1=" " ind2=" ">
    <subfield code="2">22</subfield>
    <subfield code="a">218</subfield>
    <subfield code="b">&#x62A; &#x631; &#x627; </subfield>
  </datafield>
  <datafield tag="100" ind1=" " ind2=" ">
    <subfield code="9">26793</subfield>
    <subfield code="a">&#x627;&#x644;&#x62A;&#x631;&#x627;&#x628;&#x649;&#x60C;&#x62D;&#x633;&#x646;</subfield>
  </datafield>
  <datafield tag="245" ind1=" " ind2=" ">
    <subfield code="a">&#x627;&#x644;&#x62D;&#x631;&#x643;&#x629; &#x627;&#x644;&#x627;&#x633;&#x644;&#x627;&#x645;&#x64A;&#x629; &#x641;&#x649; &#x627;&#x644;&#x633;&#x648;&#x62F;&#x627;&#x646;:</subfield>
    <subfield code="b">&#x627;&#x644;&#x62A;&#x637;&#x648;&#x631; &#x648; &#x627;&#x644;&#x643;&#x633;&#x628; &#x648; &#x627;&#x644;&#x645;&#x646;&#x647;&#x62C;/</subfield>
    <subfield code="c">&#x62D;&#x633;&#x646; &#x627;&#x644;&#x62A;&#x631;&#x627;&#x628;&#x649; </subfield>
  </datafield>
  <datafield tag="260" ind1=" " ind2=" ">
    <subfield code="a">&#x627;&#x644;&#x62E;&#x631;&#x637;&#x648;&#x645;:</subfield>
    <subfield code="b">&#x645;&#x639;&#x647;&#x62F; &#x627;&#x644;&#x628;&#x62D;&#x648;&#x62B; &#x648; &#x627;&#x644;&#x62F;&#x631;&#x627;&#x633;&#x627;&#x62A; &#x627;&#x644;&#x625;&#x62C;&#x62A;&#x645;&#x627;&#x639;&#x64A;&#x629;&#x60C;1992.</subfield>
    <subfield code="c">1992.</subfield>
  </datafield>
  <datafield tag="300" ind1=" " ind2=" ">
    <subfield code="a">312&#x635;&#x60C;</subfield>
    <subfield code="c">24&#x633;&#x645;.</subfield>
  </datafield>
  <datafield tag="650" ind1=" " ind2=" ">
    <subfield code="9">17444</subfield>
    <subfield code="a">&#x627;&#x644;&#x62D;&#x631;&#x643;&#x627;&#x62A; &#x627;&#x644;&#x641;&#x643;&#x631;&#x64A;&#x629; &#x639;&#x646;&#x62F; &#x627;&#x644;&#x645;&#x633;&#x644;&#x645;&#x64A;&#x646;</subfield>
  </datafield>
  <datafield tag="650" ind1=" " ind2=" ">
    <subfield code="9">26791</subfield>
    <subfield code="a"> &#x627;&#x644;&#x641;&#x631;&#x642; &#x627;&#x644;&#x625;&#x633;&#x644;&#x627;&#x645;&#x64A;&#x629; </subfield>
    <subfield code="z">&#x627;&#x644;&#x633;&#x648;&#x62F;&#x627;&#x646;</subfield>
  </datafield>
  <datafield tag="650" ind1=" " ind2=" ">
    <subfield code="9">26792</subfield>
    <subfield code="a">&#x627;&#x644;&#x627;&#x633;&#x644;&#x627;&#x645; &#x648; &#x627;&#x644;&#x633;&#x64A;&#x627;&#x633;&#x629; </subfield>
  </datafield>
  <datafield tag="653" ind1=" " ind2=" ">
    <subfield code="b">General</subfield>
    <subfield code="c">August2011</subfield>
  </datafield>
  <datafield tag="942" ind1=" " ind2=" ">
    <subfield code="2">ddc</subfield>
    <subfield code="c">BB</subfield>
  </datafield>
  <datafield tag="999" ind1=" " ind2=" ">
    <subfield code="c">15868</subfield>
    <subfield code="d">15868</subfield>
  </datafield>
  <datafield tag="952" ind1=" " ind2=" ">
    <subfield code="0">0</subfield>
    <subfield code="1">0</subfield>
    <subfield code="2">ddc</subfield>
    <subfield code="4">0</subfield>
    <subfield code="7">0</subfield>
    <subfield code="8"> </subfield>
    <subfield code="a">MAIN</subfield>
    <subfield code="b">MAIN</subfield>
    <subfield code="c">LOW</subfield>
    <subfield code="d">2011-08-18</subfield>
    <subfield code="e">Donation</subfield>
    <subfield code="o">218 &#x62A; &#x631; &#x627;</subfield>
    <subfield code="p">000024563</subfield>
    <subfield code="r">2025-07-15 00:00:00</subfield>
    <subfield code="y">BB</subfield>
  </datafield>
</record>
